000 00437nam a22001697a 4500
005 20200517154620.0
008 200517b xxu||||| |||| 00| 0 eng d
020 _a9788123919171
041 _aeng
082 _a615.19 QAD
100 _aQADRY J S
_95442
245 _apharmacognosy with 140 colour photograph
260 _aNew Delhi
_bCBS Publishers and distributors
_c2019
300 _a230
650 _aPharmacy
_95443
942 _cBK
999 _c6238
_d6236